01001nam a2200253 a 4500001001000000003000500010005001700015008004100032010001100073011001100084040000900095100003400104245019300138260004100331500006000372502009000432650002300522650004100545650001900586650002200605650003400627856001600661856007000677000112881CHAP20220329144326.0170130s2016 mx sm |||||||spa d a109342 a110314 cCHAP1 aBuendia Muñoz, Alan Rolando10aAnálisis de productividad en la industria de la uva y la eficiencia de los recursos disponibles en el Valle de Guadalupe, Baja Californiah[En línea]cpor Alan Rolando Buendia Muñoz. aChapingo, Méx. :bEl autor,c2016. aPara ver el contenido del material haga clic en la liga aTesis (M.C. en Economía Agrícola de los Recursos Naturales) -- UACH. Departamento aCambio climático14aRecursos naturalesxBaja California.14aUvaxMercadeo.14aUvaxRendimiento.14aViticulturazBaja California. a1 n0001048 aFinding aiduhttp://10.13.5.2/tesis/sist112881.pdfzTeclea aquí